[Event "Panama op 4th"]
[Site "Panama City"]
[Date "2023.11.09"]
[Round "6"]
[White "Castillo Jimenez, Giancarlo"]
[Black "Camargo Silva, Samir"]
[Result "0-1"]
[WhiteElo "1225"]
[BlackElo "1616"]
[PlyCount "54"]
[EventDate "2023.11.06"]
[EventType "swiss"]
[EventRounds "9"]
[EventCountry "PAN"]
[SourceTitle "CB46_2023"]
[SourceDate "2023.11.15"]
[SourceVersion "1"]
[SourceVersionDate "2023.11.15"]
[SourceQuality "1"]

1. d4 Nf6 2. c4 c5 3. e3 e6 4. Nc3 Be7 5. Nf3 0-0 6. Bd3 Nc6 7. 0-0 h6 8. d5 exd5 9. cxd5 Nb4 10. Bc4 d6 11. a3 Na6 12. e4 Bg4 13. h3 Bh5 14. Bf4 Nc7 15. Re1 Rb8 16. a4 b6 17. e5 dxe5 18. Rxe5 Bd6 19. Rxh5 Nxh5 20. Bxd6 Qxd6 21. Ne4 Qf4 22. d6 Qxe4 23. dxc7 Rbc8 24. Bxf7+ Rxf7 25. Qd8+ Rf8 26. Rd1 Rcxd8 27. Rxd8 Qc6 0-1

[Event "Panama op 4th"]
[Site "Panama City"]
[Date "2023.11.08"]
[Round "4"]
[White "Gomes Barranco, Isabela Sofia"]
[Black "Camargo Silva, Samir"]
[Result "0-1"]
[WhiteElo "1174"]
[BlackElo "1616"]
[PlyCount "58"]
[EventDate "2023.11.06"]
[EventType "swiss"]
[EventRounds "9"]
[EventCountry "PAN"]
[SourceTitle "CB46_2023"]
[SourceDate "2023.11.15"]
[SourceVersion "1"]
[SourceVersionDate "2023.11.15"]
[SourceQuality "1"]

1. d4 Nf6 2. Nf3 c5 3. c3 e6 4. Bf4 Nc6 5. e3 d5 6. Nbd2 Be7 7. Bd3 Qb6 8. b3 Bd7 9. 0-0 Qa5 10. Qc2 cxd4 11. exd4 Rc8 12. Rac1 0-0 13. Rfe1 Ba3 14. Rb1 h6 15. Qd1 Qxc3 16. Bc2 Nb4 17. Re3 Qxc2 18. Qxc2 Nxc2 19. Re5 Bd6 20. Re2 Bxf4 21. Ne5 Bb5 22. Ndc4 Na3 23. Rbb2 Bc1 24. Rbc2 Nxc2 25. Rxc2 dxc4 26. Rxc1 cxb3 27. Ra1 b2 28. Rb1 Rc1+ 29. Rxc1 bxc1R# 0-1

[Event "Panama op 4th"]
[Site "Panama City"]
[Date "2023.11.07"]
[Round "3"]
[White "Camargo Silva, Samir"]
[Black "Leon Archibaldo, Orlando Andres"]
[Result "0-1"]
[WhiteElo "1616"]
[BlackElo "2180"]
[PlyCount "60"]
[EventDate "2023.11.06"]
[EventType "swiss"]
[EventRounds "9"]
[EventCountry "PAN"]
[SourceTitle "CB46_2023"]
[SourceDate "2023.11.15"]
[SourceVersion "1"]
[SourceVersionDate "2023.11.15"]
[SourceQuality "1"]

1. e4 c5 2. Nf3 d6 3. d4 cxd4 4. Nxd4 Nf6 5. Nc3 a6 6. Be3 e5 7. Nb3 Be6 8. Qd2 Be7 9. f3 0-0 10. 0-0-0 a5 11. Kb1 a4 12. Nc1 a3 13. b3 Na6 14. g4 Nb4 15. g5 Nh5 16. Nd3 Nxd3 17. Bxd3 f6 18. h4 g6 19. gxf6 Rxf6 20. Qg2 Qa5 21. Ne2 Raf8 22. Rhf1 R6f7 23. Bd2 Qc5 24. Bh6 Rc8 25. Bc1 b5 26. Qh2 b4 27. f4 exf4 28. Nxf4 Qe5 29. Qd2 Bf6 30. c3 Rxc3 0-1